00679nam a2200193Ia 4500003000400000005001700004008004100021020001800062040002100080041000800101082001700109245004700126250002200173260003900195300005700234520015400291546000800445650003200453OSt20200330121023.0191128t2014 ck a a 000 1 spa d a9789587663785 aCO-JMCRcCO-JMCR1 aspa04aA / bFORm 10aFormas : bmi primer libro con ventanas /  aPrimera edición aBogotá : bPanamericana,c©2014 a[10] páginas : bilustraciones a color ; c16 cm. aEn las páginas de este libro se esconde un pequeño error. Mientraas los niños lo descubren, podrán reconocer las formas y nombrar los objetos aspa aFormas circulos y cuadrados